MARC

LEADER 00000nam0a2200000 4500
001 674044
005 20240812164015.0
090 |a 674044 
100 |a 20240812d1979 km|y0rusy50 ca 
101 1 |a eng  |c rus 
102 |a RU 
105 |a a z 000yy 
181 0 |a i   |b  e  
182 0 |a n 
183 0 |a nc  |2 RDAcarrier 
200 1 |a Катализ в химических реакциях  |d In the Realm of Catalysis  |e пер. с рус.  |f В. А. Афанасьев, Г. Е. Зайков  |z eng 
203 |a Текст  |b визуальный  |c непосредственный 
210 |a Москва  |c Мир  |d 1979 
215 |a 116 с.  |c ил. 
283 |a volume  |2 RDAcarrier 
300 |a На английском языке 
454 |0 321351  |9 321351  |a Афанасьев, В. А.  |c Москва  |d 1977  |n Знание  |p 64 с.  |t Катализ в химических реакциях  |v № 1 
606 |a Катализ  |9 84287 
610 1 |a скорость 
610 1 |a кислотный катализ 
610 1 |a молекулы 
610 1 |a реакционная способность 
610 1 |a химическая термодинамика 
610 1 |a энергетический барьер 
610 1 |a гетерогенный катализ 
610 1 |a окисление 
610 1 |a металлокомплексный катализ 
610 1 |a биологический катализ 
610 1 |a химические реакции 
610 1 |a английский язык 
675 |a 544.47  |v 4 
700 1 |a Афанасьев  |b В. А.  |g Виталий Аркадьевич 
701 1 |a Зайков  |b Г. Е.  |g Геннадий Ефремович 
801 1 |a RU  |b 63413507  |c 20160824 
801 2 |a RU  |b 63413507  |c 20171108  |g RCR 
830 |a Ретро2024Каталогизация 
850 |a 63413507 
942 |c BK